• 首页
  • 本馆介绍
  • 公告通知
  • 最新文献
  • 馆藏检索
  • 电子资源
  • 读者导购
  • 参考咨询
  • 我的图书馆
  • 登录
  • 详细信息显示
  • 放入我的书架
  • 预约/预借图书
  • 作者相关作品
  • 分类相关作品
  • 丛书相关作品
  • 出版社相关作品

书目信息

  • 表格格式
  • 工作单格式
  • 卡片格式
题名:
商品摄影与短视频
    
 
作者: 童海君 , 陈道志 主编
分册:  
出版信息: 北京   电子工业出版社  2020.3
页数: XII, 207页
开本: 26cm
丛书名: “新商科”电子商务系列教材
单 册:
中图分类: J412.9 , TN948.4
科图分类:
主题词: 商业摄影--摄影艺术--教材 , 视频制作--教材 , 网络营销--教材
电子资源:
ISBN: 978-7-121-37893-5
000 01260nam 2200337 45
001 489721
005 20140818103007.0
010    @a978-7-121-37893-5@dCNY59.80
099    @aCAL 012020036613
100    @a20200520d2020 em y0chiy0110 ea
101 0  @achi
102    @aCN@b110000
105    @aa a 000yy
106    @ar
200 1  @a商品摄影与短视频@Ashang pin she ying yu duan shi pin@e策划、制作、运营@f主编童海君, 陈道志
210    @a北京@c电子工业出版社@d2020.3
215    @aXII, 207页@c图 (部分彩图)@d26cm
225 2  @a“新商科”电子商务系列教材@A“ xin shang ke ” dian zi shang wu xi lie jiao cai
314    @a童海君, 双一流大学工商管理硕士, 中国人力资源和社会保障部高级电子商务师。
320    @a有书目
330    @a作为商品摄影与短视频实操教程, 本书基于真实企业案例素材, 由浅入深、循序渐进地讲解商品摄影与短视频的策划、制作与运营过程中必须掌握的理论知识、实操技能、案例和方法。
461  0 @12001 @a“新商科”电子商务系列教材
606 0  @a商业摄影@x摄影艺术@j教材
606 0  @a视频制作@j教材
606 0  @a网络营销@j教材
690    @aJ412.9@v5
690    @aTN948.4@v5
701  0 @a童海君@Atong hai jun@4主编
701  0 @a陈道志@Achen dao zhi@4主编
801    @aCN@b江苏凤凰@c20211018
905    @b1356118-20@dJ412.9@e456@f3
    
    商品摄影与短视频:策划、制作、运营/主编童海君, 陈道志.-北京:电子工业出版社,2020.3
    XII, 207页:图 (部分彩图);26cm.-(“新商科”电子商务系列教材)
    
    
    ISBN 978-7-121-37893-5:CNY59.80
    作为商品摄影与短视频实操教程, 本书基于真实企业案例素材, 由浅入深、循序渐进地讲解商品摄影与短视频的策划、制作与运营过程中必须掌握的理论知识、实操技能、案例和方法。
●
相关链接 在E读中查询图书 在五车中查询图书 在当当中查询图书 在豆瓣中查询图书


正题名:商品摄影与短视频     索取号:J412.9/456         预约/预借

序号 登录号 条形码 馆藏地/架位号 状态 备注
1 1356118   213561180   第一样本阅览室/ [索取号:J412.9/456] 在馆    
2 1356119   213561199   第一借阅区/ [索取号:J412.9/456] 在馆    
3 1356120   213561206   第一借阅区/ [索取号:J412.9/456] 在馆    
唐山师范学院图书馆 欢迎您!
大连网信软件有限公司© 版权所有